000 00179nam a2200085 4500
001 1257143
005 20260203100519.0
245 _aEZOP'TAN MASALLAR
_cEZOP
260 _bKÜLTÜR A.Ş.
999 _c1257143
_d1257143